00792nam a22002177a 450000500170000001000150001702000260003203500140005803700090007208200120008110000320009324500870012525000060021226000310021827000800024930000250032970000210035494200260037599900190040195201540042020250114151834.0 aENG-143399 c995.00a9789391211998 aEN-126931 bDBAD a345.540 aNarvankar, Yuvraj P 97655500aElectronic Evidence in the Courtroom:bA Lawyer’s Manual/cby Yuvraj P Narvankar a1 aGurgaonbLexis Nexisc2025 a14th Floor, Bldg. No.10, Tower-B, DLF Cyber City, Phase-IIbGurgaone122002 axxix,399p.c24cm(Hb) aDhirajlal976552 2ddccENh345.540mNAR c208481d208481 001040718NFICaLbLd2025-01-14eDelivery of Books Act Divisiong995.00l0o345.540 NARpEN-126931r2025-01-14 00:00:00t1v995.00w2025-01-14yEN